Trabzonspor 2010's Starting XI - Statistics

General Stats
  • This quiz has been taken 74 times
  • The average score is 52 of 110
Answer Stats
Season Hint Answer % Correct
2017-18 ST 🇹🇷 Burak Yılmaz
89%
2011-12 ST 🇹🇷 Burak Yılmaz
89%
2010-11 LW 🇹🇷 Burak Yılmaz
89%
2017-18 GK 🇹🇷 Onur Kıvrak
87%
2016-17 GK 🇹🇷 Onur Kıvrak
87%
2015-16 GK 🇹🇷 Onur Kıvrak
87%
2013-14 GK 🇹🇷 Onur Kıvrak
87%
2012-13 GK 🇹🇷 Onur Kıvrak
87%
2010-11 GK 🇹🇷 Onur Kıvrak
87%
2009-10 GK 🇹🇷 Onur Kıvrak
87%
2018-19 GK 🇹🇷 Uğurcan Çakır
85%
2013-14 CM 🇦🇷 Gustavo Colman
76%
2011-12 CM 🇦🇷 Gustavo Colman
76%
2010-11 CM 🇦🇷 Gustavo Colman
76%
2009-10 CM 🇦🇷 Gustavo Colman
76%
2015-16 ST 🇵🇾 Oscar Cardozo
74%
2014-15 ST 🇵🇾 Oscar Cardozo
74%
2014-15 RW 🇹🇷 Sefa Yılmaz
72%
2010-11 ST 🇹🇷 Umut Bulut
72%
2009-10 ST 🇹🇷 Umut Bulut
72%
2018-19 RW 🇹🇷 Abdülkadir Ömür
70%
2017-18 RW 🇹🇷 Abdülkadir Ömür
70%
2011-12 GK 🇹🇷 Tolga Zengin
70%
2018-19 AM 🇹🇷 Yusuf Yazıcı
70%
2017-18 AM 🇹🇷 Yusuf Yazıcı
70%
2016-17 AM 🇹🇷 Yusuf Yazıcı
70%
2010-11 RW 🇧🇷 Jaja
67%
2018-19 RB 🇵🇹 Joao Pereira
67%
2017-18 RB 🇵🇹 Joao Pereira
67%
2016-17 RB 🇵🇹 Joao Pereira
67%
2018-19 CM 🇦🇷 Jose Sosa
67%
2012-13 AM 🇧🇷 Alanzinho
65%
2011-12 AM 🇧🇷 Alanzinho
65%
2010-11 AM 🇧🇷 Alanzinho
65%
2009-10 AM 🇧🇷 Alanzinho
65%
2010-11 CM 🇹🇷 Selçuk İnan
65%
2009-10 CM 🇹🇷 Selçuk İnan
65%
2018-19 DM 🇳🇬 Ogenyi Onazi
59%
2016-17 DM 🇳🇬 Ogenzi Onazi
59%
2018-19 LW 🇳🇬 Anthony Nwakaeme
57%
2010-11 CB 🇹🇷 Egemen Korkmaz
57%
2009-10 CB 🇹🇷 Egemen Korkmaz
57%
2015-16 LW 🇸🇪 Erkan Zengin
57%
2014-15 LW 🇸🇪 Erkan Zengin
57%
2017-18 CM 🇸🇰 Juraj Kucka
57%
2018-19 ST 🇨🇴 Hugo Rodallega
54%
2014-15 RB 🇵🇹 Jose Bosingwa
54%
2013-14 RB 🇵🇹 Jose Bosingwa
54%
2018-19 LB 🇸🇰 Filip Novak
52%
2018-19 CB 🇮🇷 Majid Hosseini
52%
2013-14 DM 🇨🇮 Didier Zokora
50%
2012-13 DM 🇨🇮 Didier Zokora
50%
2011-12 DM 🇨🇮 Didier Zokora
50%
2011-12 CB 🇹🇷 Giray Kaçar
46%
2010-11 CB 🇹🇷 Giray Kaçar
46%
2009-10 CB 🇹🇷 Giray Kaçar
46%
2012-13 RB 🇹🇷 Serkan Balcı
46%
2011-12 RB 🇹🇷 Serkan Balcı
46%
2010-11 RB 🇹🇷 Serkan Balcı
46%
2009-10 RB 🇹🇷 Serkan Balcı
46%
2016-17 LB 🇦🇷 Emmanuel Mas
41%
2013-14 LW 🇫🇷 Florent Malouda
41%
2017-18 LW 🇹🇷 Olcay Şahan
41%
2016-17 RW 🇹🇷 Olcay Şahan
41%
2015-16 CB 🇹🇷 Aykut Demir
39%
2013-14 CB 🇹🇷 Aykut Demir
39%
2010-11 LB 🇭🇷 Hrvoje Cale
39%
2009-10 LB 🇭🇷 Hrvoje Cale
39%
2018-19 CB 🇹🇷 Hüseyin Türkmen
37%
2014-15 AM 🇹🇷 Mehmet Ekici
35%
2014-15 CB 🇩🇿 Carl Medjani
33%
2016-17 LW 🇨🇴 Fabian Castillo
33%
2013-14 ST 🇧🇷 Paulo Henrique
33%
2016-17 ST 🇸🇳 Dame N'Doye
30%
2015-16 RB 🇧🇪 Luis Pedro Cavanda
30%
2009-10 LW 🇭🇷 Drago Gabric
28%
2017-18 LB 🇸🇰 Jan Durica
28%
2016-17 CB 🇸🇰 Jan Durica
28%
2012-13 CB 🇨🇿 Ondrej Celustka
28%
2011-12 CB 🇨🇿 Ondrej Celustka
28%
2013-14 AM 🇵🇱 Adrian Mierzejewski
26%
2012-13 AM 🇵🇱 Adrian Mierzejewski
26%
2011-12 AM 🇵🇱 Adrian Mierzejewski
26%
2009-10 RW 🇹🇷 Engin Baytar
26%
2015-16 RW 🇩🇪 Marko Marin
26%
2013-14 RW 🇹🇷 Olcan Adın
26%
2012-13 RW 🇹🇷 Olcan Adın
26%
2017-18 CB 🇹🇷 Uğur Demirok
26%
2016-17 CB 🇹🇷 Uğur Demirok
26%
2011-12 LB 🇸🇰 Marek Cech
24%
2015-16 CB 🇹🇷 Mustafa Yumlu
24%
2013-14 CB 🇹🇷 Mustafa Yumlu
24%
2012-13 CB 🇹🇷 Mustafa Yumlu
24%
2017-18 DM 🇹🇷 Okay Yokuşlu
24%
2016-17 DM 🇹🇷 Okay Yokuşlu
24%
2015-16 DM 🇹🇷 Okay Yokuşlu
24%
2017-18 CB 🇸🇰 Tomas Hubocan
24%
2015-16 AM 🇹🇷 Özer Hurmacı
15%
2014-15 AM 🇹🇷 Özer Hurmacı
15%
2015-16 DM 🇨🇲 Stephane M'Bia
15%
2015-16 LB 🇹🇷 Yusuf Erdoğan
13%
2014-15 LB 🇹🇷 Yusuf Erdoğan
13%
2013-14 LB 🇹🇷 Yusuf Erdoğan
13%
2014-15 GK 🇹🇷 Hakan Arıkan
11%
2014-15 CB 🇹🇷 Mustafa Akbaş
11%
2012-13 LW 🇹🇷 Yasin Öztekin
9%
2012-13 LB 🇧🇷 Emerson
2%
2014-15 DM 🇹🇷 Yusuf Atik
2%
2012-13 ST 🇹🇷 Halil Altıntop
0%
2011-12 ST 🇹🇷 Halil Altıntop
0%
No matching quizzes found
Score Distribution
Percent of People with Each Score
Percentile by Number Answered
Your Score History
You have not taken this quiz